Memoria sobre la organización militar de España en ... / (Record no. 159360)
[ view plain ]
| 000 -LEADER | |
|---|---|
| campo de control de longitud fija | 00923nas a2200205 i 4500 |
| 001 - NÚMERO DE CONTROL | |
| campo de control | 159360 |
| 003 - IDENTIFICADOR DE NÚMERO DE CONTROL | |
| campo de control | ES-MaACL |
| 005 - FECHA Y HORA DE LA ÚLTIMA TRANSACCIÓN | |
| campo de control | 20250812074047.0 |
| 008 - DATOS DE LONGITUD FIJA--INFORMACIÓN GENERAL | |
| campo de control de longitud fija | 950223m18631881sp | | ||pa d |
| 022 ## - NÚMERO INTERNACIONAL NORMALIZADO PARA PUBLICACIONES SERIADAS | |
| Número Internacional Normalizado para Publicaciones Seriadas | 2479-4538 |
| 245 00 - MENCIÓN DEL TÍTULO | |
| Título | Memoria sobre la organización militar de España en ... / |
| Mención de responsabilidad, etc. | redactada por la Sección de Historia del Depósito de la Guerra. |
| 260 ## - PUBLICACIÓN, DISTRIBUCIÓN, ETC. | |
| Lugar de publicación, distribución, etc. | Madrid : |
| Nombre del editor, distribuidor, etc. | [Depósito de la Guerra], |
| Fecha de publicación, distribución, etc. | 1863-1881 ( |
| Fabricante | Imp. y Lit. del Depósito de la Guerra) |
| 300 ## - DESCRIPCIÓN FÍSICA | |
| Extensión | 7 v. ; |
| Dimensiones | 23 cm. |
| 505 8# - NOTA DE CONTENIDO CON FORMATO | |
| Nota de contenido con formato | I-IV. 1871 (XXXVI, 1131 p., [1] h. pleg. ; XXVI, 1194 ; XV, 1078 ; XXII, 984 p.) - V. 1878 (XVI, 688 p.) - VI. 1879 (XIX, 975 p.) - VII. 1881 (XLV, 568 p.) |
| 650 #7 - PUNTO DE ACCESO ADICIONAL DE MATERIA--TÉRMINO DE MATERIA | |
| Término de materia o nombre geográfico como elemento de entrada | Arte y ciencia militar |
| Fuente del encabezamiento o término | embne |
| 9 (RLIN) | 135619 |
| 710 1# - ENTRADA AGREGADA--NOMBRE DE ENTIDAD CORPORATIVA | |
| Nombre de entidad corporativa o nombre de jurisdicción como elemento de entrada | España. |
| Unidad subordinada | Depósito de la Guerra. |
| 9 (RLIN) | 167579 |
| 785 00 - ENTRADA/ENLACE A UN TÍTULO POSTERIOR | |
| Encabezamiento principal | Memorial del Depósito de la Guerra, |
| Número Internacional Normalizado para Publicaciones Seriadas | 2479-4546 |
| 852 ## - LOCALIZACIÓN | |
| Ubicación | ES-MaACL |
| Número de control de estantería | G-6390-96 |
| Nota libre | - Enc. pasta |
| Estatus retirado | Estado de pérdida | Estado de daño | No para préstamo | Colección | Biblioteca de origen | Biblioteca actual | Ubicación en estantería | Fecha de adquisición | Total de préstamos | Signatura topográfica completa | Código de barras | Visto por última vez | Precio de reemplazo | Tipo de ítem Koha |
|---|---|---|---|---|---|---|---|---|---|---|---|---|---|---|
| Periódicos y Revistas | Biblioteca del Ateneo de Madrid | Biblioteca del Ateneo de Madrid | Depósito 2 | 17/01/2008 | G-6390-96 | 1166828 | 23/02/2023 | 23/02/2023 | Revista |
